Introduction to symbolic logic / (Record no. 1465)
[ view plain ]
| 000 -LEADER | |
|---|---|
| fixed length control field | 00563cam a2200169 4500 |
| 001 - CONTROL NUMBER | |
| control field | 1904 |
| 005 - DATE AND TIME OF LATEST TRANSACTION | |
| control field | 20181127164212.0 |
| 008 - FIXED-LENGTH DATA ELEMENTS--GENERAL INFORMATION | |
| fixed length control field | 770426s1953 enk b 001 0 eng |
| 010 ## - LIBRARY OF CONGRESS CONTROL NUMBER | |
| LC control number | 54024202 |
| 100 1# - MAIN ENTRY--PERSONAL NAME | |
| Personal name | Cavendish, Anthony Pike, |
| Dates associated with a name | 1916- |
| 245 00 - TITLE STATEMENT | |
| Title | Introduction to symbolic logic / |
| Statement of responsibility, etc. | A. H. Basson. |
| 260 ## - PUBLICATION, DISTRIBUTION, ETC. | |
| Place of publication, distribution, etc. | London : |
| Name of publisher, distributor, etc. | University Tutorial Press, |
| Date of publication, distribution, etc. | 1953. |
| 300 ## - PHYSICAL DESCRIPTION | |
| Extent | 169 p. ; |
| Dimensions | 19 cm. |
| 650 #0 - SUBJECT ADDED ENTRY--TOPICAL TERM | |
| Topical term or geographic name entry element | Logic, Symbolic and mathematical. |
| 700 ## - ADDED ENTRY--PERSONAL NAME | |
| Personal name | D. J. O'Connor. |
| Numeration | |
| Titles and other words associated with a name | |
| Dates associated with a name | |
| Relator term | |
| Form subheading | |
| Language of a work | |
| Medium of performance for music | |
| Number of part/section of a work | |
| Arranged statement for music | |
| Name of part/section of a work | |
| Fuller form of name | |
| Key for music | |
| Version | |
| Title of a work | |
| Personal name | O'Connor, D. J. |
| Fuller form of name | (Daniel John), |
| Dates associated with a name | 1914- |
| Relator term | joint author. |
| Withdrawn status | Lost status | Source of classification or shelving scheme | Damaged status | Not for loan | Collection code | Home library | Current library | Shelving location | Serial Enumeration / chronology | Inventory number | Total Checkouts | Full call number | Barcode | Date last seen | Price effective from | Koha item type |
|---|---|---|---|---|---|---|---|---|---|---|---|---|---|---|---|---|
| Dewey Decimal Classification | Main TEST | RTC Library | RTC Library | Main opac | 1165 | 511.3 BAS | 30002870 | 27/11/2018 | 27/11/2018 | Main |